[Event "Russian Team Championships 2014 (women)"]
[Site "Sochi (Loo)"]
[Date "2014.04.13"]
[Round "6.4"]
[White "Batsiashvili, Nino"]
[Black "Guseva, Marina"]
[Result "1/2-1/2"]
[LiveChessVersion "1.4.2"]
[BlackElo "2371"]
[WhiteElo "2408"]
[BlackTeam "Ugra"]
[WhiteTeam "Ladja"]

1. Nf3 {[%clk 1:30:57]} d5 {[%clk 1:30:54]} 2. g3 {[%clk 1:31:22]} Bg4
{[%clk 1:31:18]} 3. Bg2 {[%clk 1:31:48]} Nd7 {[%clk 1:31:44]} 4. c4
{[%clk 1:32:12]} e6 {[%clk 1:32:05]} 5. Qb3 {[%clk 1:29:44]} Nc5 {[%clk 1:29:34]}
6. Qc2 {[%clk 1:30:08]} c6 {[%clk 1:28:18]} 7. d3 {[%clk 1:27:21]} Bd6
{[%clk 1:18:13]} 8. Nbd2 {[%clk 1:23:52]} Nf6 {[%clk 1:16:50]} 9. h3
{[%clk 1:15:55]} Bh5 {[%clk 1:13:51]} 10. g4 {[%clk 1:11:53]} Bg6
{[%clk 1:14:16]} 11. Nh4 {[%clk 1:11:40]} O-O {[%clk 1:04:00]} 12. Nxg6
{[%clk 1:08:41]} hxg6 {[%clk 1:04:05]} 13. O-O {[%clk 0:55:42]} e5
{[%clk 0:57:32]} 14. Nf3 {[%clk 0:42:06]} Qe7 {[%clk 0:52:21]} 15. Ng5
{[%clk 0:32:42]} a5 {[%clk 0:31:56]} 16. Bd2 {[%clk 0:28:49]} e4 {[%clk 0:28:26]}
17. cxd5 {[%clk 0:18:01]} exd3 {[%clk 0:19:50]} 18. exd3 {[%clk 0:18:24]} Qe5
{[%clk 0:16:33]} 19. Rfe1 {[%clk 0:18:27]} Qd4 {[%clk 0:15:08]} 20. Be3
{[%clk 0:12:14]} Qxd3 {[%clk 0:12:47]} 21. Rec1 {[%clk 0:11:48]} Rfe8
{[%clk 0:03:37]} 22. Bxc5 {[%clk 0:02:49]} Re1+ {[%clk 0:04:05]} 23. Rxe1
{[%clk 0:03:16]} Qxc2 {[%clk 0:04:33]} 24. Bxd6 {[%clk 0:03:42]} Nxd5
{[%clk 0:04:59]} 25. Rab1 {[%clk 0:03:07]} Rd8 {[%clk 0:05:03]} 26. Bg3
{[%clk 0:03:18]} f6 {[%clk 0:05:09]} 27. Ne6 {[%clk 0:02:29]} Re8
{[%clk 0:02:54]} 28. Be4 {[%clk 0:02:49]} Qd2 {[%clk 0:03:04]} 29. Bxg6
{[%clk 0:02:59]} Ra8 {[%clk 0:01:54]} 30. Bf5 {[%clk 0:01:23]} Re8
{[%clk 0:01:19]} 31. Re4 {[%clk 0:00:58]} a4 {[%clk 0:00:50]} 32. Bg6
{[%clk 0:00:58]} Qc2 {[%clk 0:00:53]} 33. Rbe1 {[%clk 0:01:00]} Rxe6
{[%clk 0:01:09]} 34. Rxe6 {[%clk 0:01:14]} Qxg6 {[%clk 0:01:37]} 35. R6e4
{[%clk 0:01:21]} a3 {[%clk 0:01:12]} 36. bxa3 {[%clk 0:01:47]} Qh6
{[%clk 0:01:27]} 37. h4 {[%clk 0:01:11]} Qd2 {[%clk 0:01:41]} 38. R4e2
{[%clk 0:01:09]} Qd3 {[%clk 0:01:44]} 39. Re8+ {[%clk 0:00:48]} Kh7
{[%clk 0:01:06]} 40. Rb8 {[%clk 0:30:54]} Qf3 {[%clk 0:31:26]} 41. Rxb7
{[%clk 0:17:26]} Qxg4 {[%clk 0:31:04]} 42. Kh2 {[%clk 0:15:18]} Nf4
{[%clk 0:17:21]} 43. Bxf4 {[%clk 0:15:22]} Qxf4+ {[%clk 0:17:50]} 44. Kg2
{[%clk 0:15:37]} Qg4+ {[%clk 0:18:17]} 45. Kf1 {[%clk 0:15:49]} Qh3+
{[%clk 0:18:45]} 46. Ke2 {[%clk 0:14:51]} Qe6+ {[%clk 0:19:13]} 47. Kf1
{[%clk 0:12:25]} Qh3+ {[%clk 0:19:40]} 1/2-1/2

[Event "Russian Team Championships 2014 (women)"]
[Site "Sochi (Loo)"]
[Date "2014.04.13"]
[Round "6.5"]
[White "Bodnaruk, Anastasia"]
[Black "Gunina, Valentina"]
[Result "0-1"]
[LiveChessVersion "1.4.2"]
[BlackElo "2508"]
[WhiteElo "2453"]
[BlackTeam "SHSM-Nashe nasledie"]
[WhiteTeam "Club Chigorin"]

1. e4 {[%clk 1:30:58]} c5 {[%clk 1:30:55]} 2. Nf3 {[%clk 1:31:23]} e6
{[%clk 1:31:06]} 3. d4 {[%clk 1:31:46]} cxd4 {[%clk 1:31:31]} 4. Nxd4
{[%clk 1:32:13]} a6 {[%clk 1:31:55]} 5. Nc3 {[%clk 1:31:33]} Qc7 {[%clk 1:31:56]}
6. Be2 {[%clk 1:30:59]} b5 {[%clk 1:31:59]} 7. O-O {[%clk 1:27:52]} Bb7
{[%clk 1:32:03]} 8. Re1 {[%clk 1:26:57]} Nc6 {[%clk 1:32:00]} 9. Nxc6
{[%clk 1:26:13]} dxc6 {[%clk 1:32:24]} 10. e5 {[%clk 1:25:27]} Bb4
{[%clk 1:31:05]} 11. Bd3 {[%clk 1:23:05]} c5 {[%clk 1:30:26]} 12. Qg4
{[%clk 1:20:14]} Ne7 {[%clk 1:30:33]} 13. a4 {[%clk 1:11:04]} bxa4
{[%clk 1:25:48]} 14. Bd2 {[%clk 0:57:35]} Rd8 {[%clk 1:18:55]} 15. Rad1
{[%clk 0:49:23]} Rd4 {[%clk 1:13:41]} 16. Ne4 {[%clk 0:39:55]} Bxe4
{[%clk 0:53:01]} 17. Rxe4 {[%clk 0:39:50]} Bxd2 {[%clk 0:53:24]} 18. Rxd2
{[%clk 0:38:39]} O-O {[%clk 0:42:09]} 19. Rxd4 {[%clk 0:36:57]} cxd4
{[%clk 0:42:34]} 20. Qxd4 {[%clk 0:36:54]} Qa5 {[%clk 0:42:19]} 21. Rd1
{[%clk 0:32:24]} g6 {[%clk 0:41:45]} 22. Be4 {[%clk 0:26:07]} Kg7
{[%clk 0:29:05]} 23. g3 {[%clk 0:24:33]} Rc8 {[%clk 0:26:52]} 24. Ra1
{[%clk 0:14:05]} Rd8 {[%clk 0:26:37]} 25. Qc3 {[%clk 0:14:14]} Qb6
{[%clk 0:20:57]} 26. Rxa4 {[%clk 0:09:17]} Rd1+ {[%clk 0:21:15]} 27. Kg2
{[%clk 0:09:46]} Qb5 {[%clk 0:21:33]} 28. Rc4 {[%clk 0:09:19]} Nd5
{[%clk 0:21:34]} 29. Qb3 {[%clk 0:07:36]} Qa5 {[%clk 0:21:49]} 30. c3
{[%clk 0:07:24]} Ne3+ {[%clk 0:18:04]} 31. Kf3 {[%clk 0:02:43]} Nxc4
{[%clk 0:16:58]} 32. Qxd1 {[%clk 0:03:12]} Nxb2 {[%clk 0:14:39]} 33. Qd4
{[%clk 0:01:51]} Na4 {[%clk 0:14:47]} 34. c4 {[%clk 0:02:19]} Nc5
{[%clk 0:12:43]} 35. Bc2 {[%clk 0:02:22]} Qc7 {[%clk 0:12:21]} 36. Ke2
{[%clk 0:02:10]} a5 {[%clk 0:11:29]} 37. h4 {[%clk 0:01:14]} h5 {[%clk 0:10:53]}
38. Kd2 {[%clk 0:01:06]} a4 {[%clk 0:10:25]} 39. Qc3 {[%clk 0:00:58]} Qa7
{[%clk 0:09:38]} 40. Kc1 {[%clk 0:30:48]} Nd7 {[%clk 0:38:32]} 41. f4
{[%clk 0:28:39]} a3 {[%clk 0:35:42]} 42. Kb1 {[%clk 0:27:21]} Qg1+
{[%clk 0:35:12]} 43. Ka2 {[%clk 0:27:39]} Qc1 {[%clk 0:35:27]} 44. Qb3
{[%clk 0:26:09]} Nc5 {[%clk 0:34:30]} 45. Qb1 {[%clk 0:26:16]} Qe3
{[%clk 0:34:37]} 46. Qb4 {[%clk 0:23:45]} Qc1 {[%clk 0:33:12]} 47. Qb1
{[%clk 0:22:21]} Qd2 {[%clk 0:33:02]} 48. Kxa3 {[%clk 0:21:04]} Qc3+
{[%clk 0:33:12]} 49. Bb3 {[%clk 0:16:32]} Nd3 {[%clk 0:32:30]} 50. Qc2
{[%clk 0:16:37]} Qb4+ {[%clk 0:27:01]} 51. Ka2 {[%clk 0:17:03]} Qa5+
{[%clk 0:27:28]} 52. Kb1 {[%clk 0:17:29]} Qe1+ {[%clk 0:27:55]} 53. Qd1
{[%clk 0:17:49]} Qxg3 {[%clk 0:28:11]} 54. Qd2 {[%clk 0:15:11]} Nxf4
{[%clk 0:28:07]} 55. Bc2 {[%clk 0:14:37]} Qxh4 {[%clk 0:27:58]} 56. Kb2
{[%clk 0:11:50]} Qg5 {[%clk 0:27:19]} 57. Qe3 {[%clk 0:11:19]} h4
{[%clk 0:27:12]} 58. c5 {[%clk 0:11:34]} Qg3 {[%clk 0:26:38]} 59. Qxg3
{[%clk 0:10:01]} hxg3 {[%clk 0:26:53]} 60. c6 {[%clk 0:10:28]} g2
{[%clk 0:26:49]} 61. c7 {[%clk 0:10:56]} g1=Q {[%clk 0:27:04]} 62. c8=Q
{[%clk 0:11:24]} Qb6+ {[%clk 0:27:18]} 63. Kc1 {[%clk 0:10:39]} Qe3+
{[%clk 0:27:42]} 64. Kb1 {[%clk 0:11:02]} Qxe5 {[%clk 0:28:04]} 65. Qd8
{[%clk 0:11:15]} Nd5 {[%clk 0:28:14]} 66. Qh4 {[%clk 0:11:28]} Nc3+
{[%clk 0:28:20]} 67. Kb2 {[%clk 0:11:41]} Ne4+ {[%clk 0:28:09]} 68. Kb1
{[%clk 0:12:00]} Qb5+ {[%clk 0:28:17]} 69. Kc1 {[%clk 0:12:02]} Qg5+
{[%clk 0:28:41]} 70. Qxg5 {[%clk 0:12:24]} Nxg5 {[%clk 0:29:10]} 71. Kd2
{[%clk 0:12:50]} f5 {[%clk 0:29:33]} 72. Ke3 {[%clk 0:13:18]} Kf6
{[%clk 0:29:59]} 73. Kd4 Ke5+ 0-1

[Event "Russian Team Championships 2014 (women)"]
[Site "Sochi (Loo)"]
[Date "2014.04.13"]
[Round "6.6"]
[White "Kashlinskaya, Alina"]
[Black "Mammadova, Gulnar"]
[Result "0-1"]
[LiveChessVersion "1.4.2"]
[BlackElo "2323"]
[WhiteElo "2423"]
[BlackTeam "Club Chigorin"]
[WhiteTeam "SHSM-Nashe nasledie"]

1. d4 {[%clk 1:30:57]} d5 {[%clk 1:30:52]} 2. c4 {[%clk 1:31:19]} c6
{[%clk 1:31:17]} 3. Nf3 {[%clk 1:31:42]} Nf6 {[%clk 1:31:41]} 4. e3
{[%clk 1:32:07]} e6 {[%clk 1:31:56]} 5. b3 {[%clk 1:32:15]} Bb4+ {[%clk 1:31:34]}
6. Nbd2 {[%clk 1:32:33]} O-O {[%clk 1:30:24]} 7. Bd3 {[%clk 1:27:00]} Ne4
{[%clk 1:28:01]} 8. O-O {[%clk 1:23:15]} f5 {[%clk 1:26:47]} 9. a3
{[%clk 1:22:57]} Be7 {[%clk 1:25:57]} 10. Ne5 {[%clk 1:15:48]} Nd7
{[%clk 1:25:09]} 11. Ndf3 {[%clk 1:13:57]} Qe8 {[%clk 1:17:53]} 12. Nxd7
{[%clk 1:11:19]} Bxd7 {[%clk 1:18:12]} 13. Ne5 {[%clk 1:11:38]} Bd6
{[%clk 1:13:57]} 14. Bb2 {[%clk 1:08:42]} Qe7 {[%clk 1:11:10]} 15. b4
{[%clk 1:06:51]} Be8 {[%clk 1:06:14]} 16. f3 {[%clk 1:02:34]} Nf6
{[%clk 1:03:31]} 17. Qe2 {[%clk 1:01:27]} Bh5 {[%clk 0:55:06]} 18. Qe1
{[%clk 0:49:42]} Nd7 {[%clk 0:50:09]} 19. c5 {[%clk 0:38:33]} Bc7
{[%clk 0:41:42]} 20. f4 {[%clk 0:38:37]} a6 {[%clk 0:40:39]} 21. Nxd7
{[%clk 0:35:21]} Qxd7 {[%clk 0:41:02]} 22. a4 {[%clk 0:35:39]} Rfb8
{[%clk 0:35:34]} 23. Bc3 {[%clk 0:32:56]} Qe7 {[%clk 0:31:56]} 24. Qd2
{[%clk 0:30:50]} b5 {[%clk 0:28:03]} 25. Ra3 {[%clk 0:26:40]} Qe8
{[%clk 0:23:55]} 26. Rfa1 {[%clk 0:26:15]} Rd8 {[%clk 0:24:11]} 27. Qa2
{[%clk 0:24:33]} Rac8 {[%clk 0:22:28]} 28. axb5 {[%clk 0:24:18]} axb5
{[%clk 0:22:54]} 29. Be1 Bb8 {[%clk 0:20:52]} 30. Bh4 {[%clk 0:21:43]} Rd7
{[%clk 0:21:16]} 31. Ra8 {[%clk 0:21:25]} Rf7 {[%clk 0:19:52]} 32. Qa6
{[%clk 0:15:12]} Rf8 {[%clk 0:19:29]} 33. Kf2 {[%clk 0:14:56]} h6
{[%clk 0:19:18]} 34. Kf1 {[%clk 0:10:58]} Kh8 {[%clk 0:18:34]} 35. Qb7
{[%clk 0:09:54]} Rf7 {[%clk 0:18:44]} 36. Qb6 {[%clk 0:09:56]} Rf8
{[%clk 0:17:29]} 37. R1a6 {[%clk 0:09:50]} Kg8 {[%clk 0:16:42]} 38. Qb7
{[%clk 0:05:11]} Rf7 {[%clk 0:16:27]} 39. Qb6 {[%clk 0:05:38]} Rf8
{[%clk 0:16:52]} 40. Rxb8 {[%clk 0:30:47]} Rxb8 {[%clk 0:47:17]} 41. Qxc6
{[%clk 0:31:06]} Qxc6 {[%clk 0:44:12]} 42. Rxc6 {[%clk 0:31:13]} Bf7
{[%clk 0:43:15]} 43. Be7 {[%clk 0:29:23]} Rfe8 {[%clk 0:43:06]} 44. Bd6
{[%clk 0:28:40]} Ra8 {[%clk 0:42:11]} 45. Rb6 {[%clk 0:11:33]} Ra1+
{[%clk 0:41:32]} 46. Kf2 {[%clk 0:07:08]} Rea8 {[%clk 0:41:55]} 47. g4
{[%clk 0:06:04]} R8a2+ {[%clk 0:31:50]} 48. Kf3 {[%clk 0:06:29]} Bg6
{[%clk 0:31:51]} 49. c6 {[%clk 0:01:35]} fxg4+ {[%clk 0:32:00]} 50. Kxg4
{[%clk 0:01:58]} Rg1+ {[%clk 0:32:23]} 51. Kh3 {[%clk 0:02:01]} Bxd3
{[%clk 0:32:46]} 52. f5 {[%clk 0:02:26]} Bxf5+ {[%clk 0:32:29]} 53. Kh4
{[%clk 0:02:53]} Rg4+ {[%clk 0:30:20]} 54. Kh5 {[%clk 0:03:22]} Rag2
{[%clk 0:30:27]} 55. e4 0-1

[Event "Russian Team Championships 2014 (women)"]
[Site "Sochi (Loo)"]
[Date "2014.04.13"]
[Round "6.7"]
[White "Belenkaya, Dina"]
[Black "Charochkina, Daria"]
[Result "1/2-1/2"]
[LiveChessVersion "1.4.2"]
[BlackElo "2380"]
[WhiteElo "2254"]
[BlackTeam "SHSM-Nashe nasledie"]
[WhiteTeam "Club Chigorin"]

1. e4 {[%clk 1:30:56]} c5 {[%clk 1:30:55]} 2. Nf3 {[%clk 1:31:12]} e6
{[%clk 1:31:22]} 3. c4 {[%clk 1:31:16]} Nc6 {[%clk 1:31:42]} 4. Nc3
{[%clk 1:31:18]} g5 {[%clk 1:28:12]} 5. h3 {[%clk 1:25:58]} Bg7 {[%clk 1:26:53]}
6. d3 {[%clk 1:18:04]} h6 {[%clk 1:26:35]} 7. Be3 {[%clk 1:16:56]} Nd4
{[%clk 1:15:46]} 8. Bxd4 {[%clk 1:09:52]} cxd4 {[%clk 1:16:11]} 9. Nb5
{[%clk 1:07:59]} Qb6 {[%clk 1:15:52]} 10. e5 {[%clk 1:03:07]} Ne7
{[%clk 1:15:27]} 11. Qe2 {[%clk 0:48:10]} O-O {[%clk 1:06:20]} 12. O-O-O
{[%clk 0:38:33]} Ng6 {[%clk 1:00:10]} 13. Kb1 {[%clk 0:33:37]} Qc5
{[%clk 0:54:26]} 14. Nbxd4 {[%clk 0:30:15]} d6 {[%clk 0:47:43]} 15. Nb3
{[%clk 0:29:53]} Qc7 {[%clk 0:48:09]} 16. d4 {[%clk 0:25:17]} b6 {[%clk 0:44:04]}
17. exd6 {[%clk 0:22:35]} Qxd6 {[%clk 0:44:30]} 18. Qe3 {[%clk 0:21:59]} Bb7
{[%clk 0:41:00]} 19. Bd3 {[%clk 0:19:02]} Nf4 {[%clk 0:41:19]} 20. g3
{[%clk 0:18:05]} Nxd3 {[%clk 0:40:23]} 21. Rxd3 {[%clk 0:17:42]} f5
{[%clk 0:35:58]} 22. Nbd2 {[%clk 0:15:58]} g4 {[%clk 0:30:51]} 23. hxg4
{[%clk 0:09:09]} fxg4 24. Rxh6 {[%clk 0:09:00]} Rxf3 {[%clk 0:18:05]} 25. Nxf3
{[%clk 0:08:55]} Bxh6 {[%clk 0:18:31]} 26. Qxh6 {[%clk 0:08:53]} Bxf3
{[%clk 0:18:53]} 27. Qg6+ {[%clk 0:02:52]} Kf8 {[%clk 0:19:17]} 28. d5
{[%clk 0:02:26]} Re8 {[%clk 0:00:37]} 29. Qf6+ {[%clk 0:01:44]} Kg8
{[%clk 0:01:06]} 30. Qg6+ {[%clk 0:01:20]} Kf8 {[%clk 0:01:35]} 31. Qf6+
{[%clk 0:01:19]} Kg8 {[%clk 0:02:04]} 32. Qg6+ {[%clk 0:01:23]} Kf8
{[%clk 0:02:33]} 33. Qf6+ {[%clk 0:01:05]} Kg8 {[%clk 0:03:01]} 34. Qg6+
{[%clk 0:01:29]} Kf8 {[%clk 0:03:28]} 35. Qf6+ {[%clk 0:00:58]} Kg8
{[%clk 0:03:57]} 36. Qg6+ {[%clk 0:01:23]} Kf8 {[%clk 0:04:24]} 37. Qf6+
{[%clk 0:01:49]} Kg8 {[%clk 0:04:50]} 38. Qg6+ {[%clk 0:02:17]} Kf8
{[%clk 0:05:16]} 39. Qf6+ {[%clk 0:01:03]} Kg8 {[%clk 0:05:41]} 40. Qg6+
{[%clk 0:31:31]} Kf8 {[%clk 0:36:08]} 41. Qf6+ {[%clk 0:31:57]} Kg8
{[%clk 0:36:28]} 42. Qg6+ {[%clk 0:31:22]} Kf8 {[%clk 0:36:52]} 43. Qf6+
{[%clk 0:26:35]} Kg8 {[%clk 0:37:16]} 44. Qg6+ {[%clk 0:25:12]} 1/2-1/2

[Event "Russian Team Championships 2014 (women)"]
[Site "Sochi (Loo)"]
[Date "2014.04.13"]
[Round "6.8"]
[White "Savina, Anastasia"]
[Black "Ivkina, Olga"]
[Result "1-0"]
[LiveChessVersion "1.4.2"]
[BlackElo "2239"]
[WhiteElo "2389"]
[BlackTeam "Club Chigorin"]
[WhiteTeam "SHSM-Nashe nasledie"]

1. d4 {[%clk 1:30:57]} Nf6 {[%clk 1:30:54]} 2. c4 {[%clk 1:31:24]} g6
{[%clk 1:31:20]} 3. Nc3 {[%clk 1:31:49]} Bg7 {[%clk 1:31:45]} 4. e4
{[%clk 1:32:15]} d6 {[%clk 1:32:11]} 5. Nf3 {[%clk 1:32:22]} O-O {[%clk 1:32:24]}
6. Be2 {[%clk 1:32:15]} e5 {[%clk 1:32:41]} 7. O-O {[%clk 1:32:28]} Na6
{[%clk 1:32:55]} 8. Be3 {[%clk 1:32:26]} Ng4 {[%clk 1:32:56]} 9. Bg5
{[%clk 1:32:52]} Qe8 {[%clk 1:32:59]} 10. Re1 {[%clk 1:31:38]} h6
{[%clk 1:28:04]} 11. Bh4 {[%clk 1:30:28]} Nf6 {[%clk 1:25:50]} 12. Bxf6
{[%clk 1:23:15]} Bxf6 {[%clk 1:26:12]} 13. c5 {[%clk 1:23:36]} Nb4
{[%clk 1:15:06]} 14. cxd6 {[%clk 0:59:22]} exd4 {[%clk 1:10:48]} 15. Nb5
{[%clk 0:50:15]} Qxe4 {[%clk 1:07:07]} 16. Nxc7 {[%clk 0:45:12]} Bf5
{[%clk 1:07:01]} 17. Bb5 {[%clk 0:34:34]} Qg4 {[%clk 0:53:45]} 18. Nxa8
{[%clk 0:30:19]} Rxa8 {[%clk 0:54:07]} 19. h3 {[%clk 0:28:06]} Qf4
{[%clk 0:48:01]} 20. d7 {[%clk 0:27:42]} Be6 {[%clk 0:45:20]} 21. Rc1
{[%clk 0:24:53]} Nc6 {[%clk 0:43:38]} 22. Bxc6 {[%clk 0:18:48]} bxc6
{[%clk 0:44:01]} 23. Rxe6 {[%clk 0:18:28]} fxe6 {[%clk 0:44:29]} 24. Rxc6
{[%clk 0:18:47]} Qe4 {[%clk 0:39:27]} 25. Rc8+ {[%clk 0:16:22]} Kf7
{[%clk 0:39:46]} 26. Nxd4 {[%clk 0:15:58]} Qb7 {[%clk 0:37:13]} 27. Qf3
{[%clk 0:13:56]} Qxd7 {[%clk 0:36:53]} 28. Qxa8 {[%clk 0:13:52]} Qxd4
{[%clk 0:35:50]} 29. Rc7+ {[%clk 0:11:45]} Be7 {[%clk 0:36:08]} 30. Qxa7
{[%clk 0:11:53]} 1-0